000 004850000a22001810004500
003 MACL
005 20150830144834.0
008 150830b xxu||||| |||| 00| 0 eng d
040 _aMACL
_cMACL
041 _aEnglish
082 _a796.358/ARO
100 _aArora, Pawan
_97973
245 _aCricket Inc or Cricket
_bMoney Muscle and Marketing
260 _bUBS Publishers Distributors Ltd
_c2008
_aNew Delhi
350 _a225
650 _aGames
_97974
942 _cBK
_k796.358/ARO
_2ddc
999 _c42288
_d42288